000 00464nam a2200181Ia 4500
005 20250326142702.0
008 250326s9999 xx 000 0 und d
037 _aTextbook
040 _aFMSL
_beng
_cFMSL
041 _aeng
_2eng
084 _qFMSL
100 _aAvasthi A
_9105323
245 0 _aPublic Administration
_cAvasthi A; Maheshwari S
260 _aAgra
_bAgra, L.N. Agarwal
_c1983
300 _a645p
942 _cTB
999 _c1296179
_d1296179